[Event "Albacete op 13th"]
[Site "Albacete"]
[Date "2005.09.01"]
[Round "1"]
[White "Vehi Bach, Victor Manuel"]
[Black "Bellon, Pedro"]
[Result "1-0"]
[WhiteElo "2404"]
[BlackElo "1786"]
[PlyCount "61"]
[EventDate "2005.09.01"]
[EventType "swiss"]
[EventRounds "9"]
[EventCountry "ESP"]
[SourceTitle "CBM 108 Extra"]
[Source "ChessBase"]
[SourceDate "2005.11.04"]
[SourceVersion "1"]
[SourceVersionDate "2005.11.04"]
[SourceQuality "1"]

1. e4 c5 2. Nf3 Nc6 3. d4 cxd4 4. Nxd4 Nf6 5. Nc3 e5 6. Ndb5 d6 7. Bg5 a6 8. Na3 b5 9. Bxf6 gxf6 10. Nd5 Bg7 11. Bd3 Ne7 12. Nxe7 Qxe7 13. 0-0 0-0 14. Qf3 f5 15. exf5 Bb7 16. Be4 d5 17. Bxd5 e4 18. f6 Bxf6 19. Qg4+ Kh8 20. Bxb7 Qxb7 21. c3 b4 22. Qf5 Qc6 23. Nc2 bxc3 24. bxc3 Bxc3 25. Rab1 Rg8 26. Ne3 Rg7 27. Rfc1 Qf6 28. Qxe4 Rag8 29. g3 Be5 30. Rc6 Qg5 31. Nf5 1-0